| 000 | 00914cam a2200265 i 4500 | ||
|---|---|---|---|
| 001 | 1164 | ||
| 003 | BD-RjUL | ||
| 005 | 20211208233303.0 | ||
| 008 | 131124r19761931ctu b 001 0 eng | ||
| 020 | _a0837188121 | ||
| 035 | _a(BD-RjUL)1186 | ||
| 040 |
_aDLC _cDLC _dDLC _beng |
||
| 041 | _aeng | ||
| 082 | 0 | 0 |
_a111.85 _216 _bPHI 1952 |
| 100 | 1 |
_aCarritt, E. F. _986874 |
|
| 245 | 1 | 0 |
_aPhilosophies of beauty from Socrates to Robert Bridges : _bbeing the sources of aesthetic theory / _cselected and edited by E. F. Carritt ; with a foreword by D. W. Prall. |
| 260 |
_aWestport, Conn. : _bGeoffrey Cumberlege, _c1952. |
||
| 300 |
_axxix, 334 p. ; _c23 cm. |
||
| 500 | _aReprint of the 1931 ed. published by Oxford University Press, New York. | ||
| 504 | _aIncludes bibliographical references and index. | ||
| 650 | 0 |
_aAesthetics. _93444 |
|
| 942 |
_2ddc _cBK |
||
| 999 |
_c1164 _d1164 |
||